Science Quiz

Random Science or Africa Quiz

Mammals of Africa Quiz Stats

 Plays Quiz Updated May 26, 2017

Support Sporcle.
Go Orange.
Score 0/20 Timer 10:00
0 Plays Today
% Correct
African buffalo
89.9%
meerkat
89.1%
elephant shrew
82.9%
Ethiopian wolf
82.9%
honey badger
80.9%
blue wildebeest
78.5%
aye-aye
74.2%
African wild dog
73.6%
okapi
72.1%
rock hyrax
71.5%
% Correct
mandrill
70.2%
hamadryas baboon
69.3%
Nubian ibex
66.3%
bonobo
64.7%
serval
63.2%
fossa
61.4%
aardwolf
59.4%
fringe-eared oryx
55.4%
African civet
51.7%
lowland streaked tenrec
47.2%

You're not logged in!

Compare scores with friends on all Sporcle quizzes.
OR
Log In
Forgot?

From the Vault

Anagram Pair Minefield

by BetterThanKate

This quiz is a minefield - not a dim feline or a lime fiend.
Remove Ads.
Support Sporcle.
Get the best of Sporcle when you Go Orange. This ad-free experience offers more features, more stats, and more fun while also helping to support Sporcle. Thank you for becoming a member.

Show Comments

Extras

Top Quizzes Today


Score Distribution

Your Account Isn't Verified!

In order to create a playlist on Sporcle, you need to verify the email address you used during registration. Go to your Sporcle Settings to finish the process.

Report this User

Report this user for behavior that violates our Community Guidelines.

Details: